000 00566nam a2200145 a 4500
001 000040505
005 20201002034157.0
008 130828s2012 dr 000 0 spa d
020 _a9789945491012
040 _aDO-SdBNP
_bspa
_cBNPHU
245 0 0 _a7 Siensajes de Benedicto XVI :
_bpara los medios de comunicación social.
246 1 3 _aSiete mensajes de Benedicto XVI :
_bpara los medios de comunicación social
260 _aSantiago de los Caballeros, República Dominicana :
_bComisión Nacional de Pastoral de la Comunicación,
_c2012.
300 _a68 p. ;
_c21 cm.
999 _c39995
_d39995